000 00428nam a22001697a 4500
003 NUST - PNEC
005 20170116180931.0
008 150905b xxu||||| |||| 00| 0 eng d
020 _a0136383955
040 _cLIBRARY
082 _a621.36 WIL
100 _98297
_aWilson, J.
245 _aOptoelectronics : an introduction
_cJ. Wilson
260 _cc.1983
650 _98298
_aElectronics engineering
_xEL
942 _2ddc
_cBK
999 _c65930
_d65930